|
|
|
|
| LEADER |
01037nam a2200253 a 4500 |
| 001 |
3994458 |
| 008 |
091015s1995 ii af b 101 0 eng d |
| 010 |
|
|
|a 95904350
|
| 020 |
|
|
|a 9788173701108
|
| 020 |
|
|
|a 8173701105
|
| 040 |
|
|
|a DLC
|c DLC
|
| 082 |
0 |
0 |
|a 305.4/0954
|2 20
|
| 245 |
0 |
0 |
|a Indian women, myth and reality /
|c edited by Jasodhara Bagchi.
|
| 260 |
|
|
|a Hyderabad :
|b Sangam Books :
|b Distributed by Orient Longman,
|c 1995.
|
| 300 |
|
|
|a xiii, 192 p., [12] p. of plates :
|b ill. ;
|c 22 cm.
|
| 520 |
|
|
|a Contributed seminar papers.
|
| 504 |
|
|
|a Includes bibliographical references and index.
|
| 541 |
1 |
|
|e 00019385
|
| 650 |
|
0 |
|a Women
|z India.
|
| 650 |
|
0 |
|a Women
|z India
|x Social conditions.
|
| 700 |
1 |
|
|a Bagchi, Jasodhara.
|
| 852 |
4 |
|
|a Ayesha Abed Library
|j General Shelf.
|
| 999 |
|
|
|c 4599
|d 4599
|
| 952 |
|
|
|0 0
|1 0
|2 ddc
|4 0
|6 305_409540000000000_IND
|7 0
|9 4384
|a BRACUL
|b BRACUL
|c GEN
|d 2009-10-09
|l 3
|m 6
|o 305.40954 IND
|p 3010019385
|q 2026-05-20
|r 2026-05-13
|s 2026-05-13
|t 1
|w 2009-10-18
|y BK
|x Transferred from ENH to Ayesha Abed library on 20/12/2023
|